| 000 | 00760nas a2200265 4500 | ||
|---|---|---|---|
| 001 | BR9704112 | ||
| 003 | BR-BrBNA | ||
| 005 | 20231205100429.0 | ||
| 007 | ta | ||
| 008 | 230509b bl.|||p| |||| 00| 00por d | ||
| 040 |
_aBR-BrBNA _bpor _cBiblioteca Nacional de Agricultura |
||
| 041 | _a(Pt) | ||
| 072 | _aF03 | ||
| 100 | 1 | _aCarpi, S.M.F. | |
| 100 | 1 | _aBarbedo, C.J. | |
| 100 | 1 | _aMarcos Filho, J. | |
| 245 | 1 | _aCondicionamento osmotico de sementes de Cedrela fissilis Vell. | |
| 650 | _aCedro | ||
| 650 | _aOsmose | ||
| 650 | _aArmazenamento | ||
| 650 | _aSemente | ||
| 773 | 0 |
_tRevista Brasileira de Sementes (Brazil) _xISSN 0101-3122 _g(1996), v. 18(2) p. 271-275 _wBR9704112 |
|
| 909 |
_a202311 _bLúcia _c55 _dLúcia Elande |
||
| 942 |
_2AGRIS _n0 _cANA |
||
| 999 |
_c155976 _d155976 |
||